Normal view MARC view

Entry Topical Term

Number of records used in: 1

001 - CONTROL NUMBER

  • control field: 53321

003 - CONTROL NUMBER IDENTIFIER

  • control field: OSt

005 - DATE AND TIME OF LATEST TRANSACTION

  • control field: 20250520103445.0

008 - FIXED-LENGTH DATA ELEMENTS

  • fixed length control field: 250520|| aca||aabn | a|a d

040 ## - CATALOGING SOURCE

  • Original cataloging agency: OSt
  • Transcribing agency: OSt

150 ## - HEADING--TOPICAL TERM

  • Topical term or geographic name entry element: Hinduism, Contemporary academia, Controversy, Colonial construct, Historical antecedents, Scholarly middle ground, Evolution of Hinduism, Sikh tradition, Islam as a discursive tradition, Contestable representations, Knowledge and power, Collective aspirations, Self-definition, Muslims and Hindus, Religious category, Colonial period

670 ## - SOURCE DATA FOUND

  • Source citation: Work cat.: (OSt)526429: Singh, Nirvikar 53320, Religion-making in South Asia: An interstitial perspective

Powered by Koha